000 00434nam a2200145Ia 4500
008 220217s9999||||xx |||||||||||||| ||und||
020 _a81-203-1176-0
082 _a621.3815 BOY
100 _aBoylestad, Robert, L Nashelsky, Louis
245 0 _aElectronic devices and circuit theory
250 _a6th
260 _aPrentice hall of india
_bNew Delhi
_c1999
300 _b295
650 _aFIELD THEORY / ELECTROMEGNETIC WAVES
999 _c165638
_d165638